000 00631nam a2200193Ia 4500
005 20250508150815.0
008 008 250505s9999 xx 000 0 eng d
037 _aTextual
040 _aFEDL
_beng
_cFEDL
041 _aeng
_2eng
084 _a371.4, HIN
_qFEDL
245 0 _aReport of the fifth all-India basic education conference
260 _aWardha, India
_bHindustani Talim Sangh
_c1950
300 _a146p.
546 _aPerianaickenaplayam near Coimbatore, S. India May 7 - 9, 1949
650 _aEducational - Guidance and Counciling
_9757691
942 _cTEXL
_h371.4, HIN
999 _c1325771
_d1325771